000 00731nam a2200241 a 4500
001 BRCA_7406
005 20190320205826.0
008 230313s1910----mx-#######---#000-0#spa-#
041 _aspa
044 _amx
050 4 _aF1219
_b.B38 1910
100 1 _aBatres, Leopoldo
_d1852-1926
_918271
245 1 0 _aLa isla de sacrificios, la señora Zelia Nuttall de Pinard y Leopoldo Batres
_cLeopoldo Batres.
260 _aMéxico
_bTip. Económica
_c1910
300 _a10 p.
500 _aQ134
600 1 4 _aNuttall, Mrs. Zelia
_d1858-1933
_918272
610 2 4 _aIsla de Sacrificios, México
_918273
650 1 4 _aIndios de México
_xAntigüedades
_918274
651 4 _aMéxico
_xAntigüedades
_92765
902 _aGFM
942 _2lcc
_cB
999 _c7082
_d7082